Niemiecki "Kein problem!" : (Rekord nr 52134)
| 000 -ETYKIETA REKORDU | |
|---|---|
| podpole kontrolne o stałej długości | 01084nam a2200265 i 4500 |
| 001 - NUMER KONTROLNY REKORDU | |
| pole kontrolne | bg |
| 020 ## - MIĘDZYNARODOWY ZNORMALIZOWANY NUMER KSIĄŻKI - ISBN | |
| ISBN | 8360199116 |
| 020 ## - MIĘDZYNARODOWY ZNORMALIZOWANY NUMER KSIĄŻKI - ISBN | |
| ISBN | 9788360199114 |
| 040 ## - ŹRÓDŁO KATALOGOWANIA | |
| Instytucja, która utworzyła rekord | BPK |
| 041 w# - KOD JĘZYKA | |
| Kod języka tekstu | gerpol |
| 080 ## - UNIWERSALNA KLASYFIKACJA DZIESIĘTNA - UKD | |
| UKD | 811.112.2(07) |
| 920 ## - Międzynarodowy znormalizowany numer książki – ISBN | |
| ISBN | 83-60199-11-6 |
| 920 ## - Międzynarodowy znormalizowany numer książki – ISBN | |
| ISBN | 978-83-60199-11-4 |
| 008 - POLE O STAŁEJ DŁUGOŚCI - DANE KONTROLNE | |
| podpole kontrolne o stałej długości | s pl f |000 0 pol |
| 100 1# - NAZWA OSOBOWA | |
| Nazwa osobowa | TRAMBACZ, Waldemar |
| 245 10 - TYTUŁ/ODPOWIEDZIALNOŚĆ | |
| Tytuł | Niemiecki "Kein problem!" : |
| Ciąg dalszy tytułu | intensywny kurs do samodzielnej nauki, poziom zaawansowany / |
| Pozostałe elementy strefy tytułu i oznaczenia odpowiedzialności | Waldemar Trambacz. |
| 260 ## - STREFA ADRESU WYDAWNICZEGO | |
| Miejsce wydania | Warszawa : |
| Nazwa wydawcy/dystrybutora | SuperMemo World, |
| Data publikacji, dystrybucji/powstania dokumentu | 2006. |
| 300 ## - STREFA OPISU FIZYCZNEGO | |
| Objętość | 290 s. ; |
| Rozmiary | 19 cm + |
| Dokument towarzyszący | CD ROM : program komputerowy, nagrania mp3. |
| 500 ## - UWAGI OGÓLNE | |
| Tekst uwagi | Wymagania systemowe mp3: dowolny odtwarzacz mp3. |
| 500 ## - UWAGI OGÓLNE | |
| Tekst uwagi | Wymagania systemowe do programu SuperMemo: procesor klasy Pentium lub nowszy, 64MB RAM,SVGA High Color 16-bitowy, rozdzielczość 800x600, napęd CD ROM, karta dźwiękowa, Windows 98 PL, 2000 PL, XP PL lub nowsze. |
| 650 #9 - HASŁO PRZEDMIOTOWE W FORMIE NAZWY OGÓLNEJ LUB JEDNOSTKOWEJ | |
| Nazwa ogólna lub geograficzna | Język niemiecki |
| 655 ## - TERMIN INDEKSOWY - OKREŚLENIE RODZAJU/FORMY DOKUMENTU | |
| Określenie rodzaju/formy dokumentu | Podręczniki |
| 856 ## - LOKALIZACJA I DOSTĘP DO ELEKTRONICZNYCH DOKUMENTÓW ZDALNYCH | |
| Link (URL) | http://koha.tu.koszalin.pl/cgi-bin/koha/opac-detail.pl?biblionumber=52134 |
| Tekst linku | Katalog online BPK |
| 942 ## - DODATKOWE ELEMENTY (KOHA) | |
| Typ dokumentu | Książka |
| Wycofany | Status egzemplarza | Uszkodzony | Dostępność | Lokalizacja stała | Lokalizacja bieżąca | Miejsce przechowywania | Sygnatura | Kod kreskowy | Typ dokumentu |
|---|---|---|---|---|---|---|---|---|---|
| Dostępny | Biblioteka Politechniki Koszalińskiej | Biblioteka Politechniki Koszalińskiej | Wypożyczalnia BG | 80021 | 02339900 | Książka | |||
| Dostępny | Biblioteka Politechniki Koszalińskiej | Biblioteka Politechniki Koszalińskiej | Wypożyczalnia BG | 80022 | 02339894 | Książka | |||
| Dostępny | Biblioteka Politechniki Koszalińskiej | Biblioteka Politechniki Koszalińskiej | Wypożyczalnia BG | 80023 | 02339887 | Książka | |||
| Dostępny | Biblioteka Politechniki Koszalińskiej | Biblioteka Politechniki Koszalińskiej | Wypożyczalnia BG | CD 1373 | 02339726 | Płyta CD | |||
| Dostępny | Biblioteka Politechniki Koszalińskiej | Biblioteka Politechniki Koszalińskiej | Wypożyczalnia BG | CD 1374 | 02339719 | Płyta CD | |||
| Dostępny | Biblioteka Politechniki Koszalińskiej | Biblioteka Politechniki Koszalińskiej | Wypożyczalnia BG | CD 1375 | 02339702 | Płyta CD |
